| 000 | 01047nam0a22002771 4500 | ||
|---|---|---|---|
| 001 | rc\3946584 | ||
| 005 | 20250611033117.0 | ||
| 021 |
_aRU _b[54-55586] |
||
| 035 | _a(NLR Aleph) 008041643 | ||
| 090 |
_a8885053 _c8885053 |
||
| 100 | _a20130415d1954 |||y0rusy50 ca | ||
| 101 | 0 | _arus | |
| 102 | _aRU | ||
| 105 | _aa j ||||| | ||
| 200 | 1 |
_aЭлектрификация торфопредприятий _e[Учебник для торф. техникумов |
|
| 210 |
_aМосква _aЛенинград _cГосэнергоиздат _d1954 |
||
| 215 |
_a360 с., 1 л. схем. _cил. _d21 |
||
| 320 | _aБиблиогр.: с. 358 | ||
| 606 |
_aТорфяные предприятия _xЭлектрооборудование _jУчебники и пособия _2psbo |
||
| 700 | 1 |
_aВасильев _bС.В. _gСергей Владимирович |
|
| 701 | 1 |
_aРозенберг _bБ.И. _gБорис Иванович |
|
| 801 | 0 |
_aRU _bNLR _gpsbo |
|
| 801 | 1 |
_aRU _bELAR _2rusmarc |
|
| 852 |
_aNLR _jТ26 Г-3/188 |
||
| 942 | _cBOOK | ||
| 980 | _aNB | ||